[Event "Nordic-ch Seniors"]
[Site "Reykjavik"]
[Date "2011.09.16"]
[Round "7"]
[White "Patola, Eero"]
[Black "Ingvason, Sigurgeir"]
[Result "1-0"]
[WhiteElo "1886"]
[BlackElo "2016"]
[PlyCount "77"]
[EventDate "2011.09.10"]
[EventType "swiss"]
[EventRounds "9"]
[EventCountry "ISL"]
[SourceTitle "CBM 144 Extra"]
[Source "ChessBase"]
[SourceDate "2011.10.28"]
[SourceVersion "1"]
[SourceVersionDate "2011.10.28"]
[SourceQuality "1"]

1. e4 c5 2. c4 Nc6 3. Nc3 Nf6 4. g3 g6 5. Bg2 Bg7 6. Nge2 0-0 7. 0-0 d6 8. h3 Rb8 9. d3 a6 10. f4 e6 11. g4 Nd4 12. Nxd4 cxd4 13. Ne2 b5 14. cxb5 Nd7 15. f5 Rxb5 16. b3 exf5 17. gxf5 Bb7 18. Ng3 Qh4 19. Qg4 Qxg4 20. hxg4 Be5 21. Ne2 Rc8 22. Ba3 Rc2 23. Bf3 Ra5 24. Rfc1 Rxc1+ 25. Bxc1 Nc5 26. b4 Nb3 27. Rb1 Rxa2 28. Rxb3 d5 29. exd5 Bxd5 30. Bxd5 Rxe2 31. Kf1 Rh2 32. b5 axb5 33. Rxb5 gxf5 34. gxf5 h5 35. Bg2 f6 36. Rb7 h4 37. Bh6 h3 38. Bd5+ Kh8 39. Bg7+ 1-0

[Event "Nordic-ch Seniors"]
[Site "Reykjavik"]
[Date "2011.09.15"]
[Round "6"]
[White "Ingvason, Sigurgeir"]
[Black "Gunnlaugsson, Gisli"]
[Result "1/2-1/2"]
[WhiteElo "2016"]
[BlackElo "1846"]
[PlyCount "49"]
[EventDate "2011.09.10"]
[EventType "swiss"]
[EventRounds "9"]
[EventCountry "ISL"]
[SourceTitle "CBM 144 Extra"]
[Source "ChessBase"]
[SourceDate "2011.10.28"]
[SourceVersion "1"]
[SourceVersionDate "2011.10.28"]
[SourceQuality "1"]

1. Nf3 Nf6 2. d4 d5 3. c4 c6 4. g3 e6 5. Bg2 dxc4 6. Qc2 Nbd7 7. Qxc4 Nb6 8. Qc2 Be7 9. 0-0 0-0 10. Nc3 Bd7 11. Bg5 h6 12. Bxf6 Bxf6 13. Ne4 Be7 14. Rfd1 Qc7 15. Rac1 Rac8 16. Nc5 Be8 17. e4 Nd7 18. Nd3 Nf6 19. Qe2 Qb8 20. b4 Bd7 21. Nfe5 Rfd8 22. Nxd7 Rxd7 23. Nc5 Rdc7 24. Bh3 Bxc5 25. bxc5 1/2-1/2

[Event "Nordic-ch Seniors"]
[Site "Reykjavik"]
[Date "2011.09.14"]
[Round "5"]
[White "Bue, Gunnar"]
[Black "Ingvason, Sigurgeir"]
[Result "0-1"]
[WhiteElo "1772"]
[BlackElo "2016"]
[PlyCount "58"]
[EventDate "2011.09.10"]
[EventType "swiss"]
[EventRounds "9"]
[EventCountry "ISL"]
[SourceTitle "CBM 144 Extra"]
[Source "ChessBase"]
[SourceDate "2011.10.28"]
[SourceVersion "1"]
[SourceVersionDate "2011.10.28"]
[SourceQuality "1"]

1. d4 Nf6 2. c4 c5 3. e3 g6 4. Nf3 Bg7 5. Nc3 0-0 6. Be2 Na6 7. 0-0 d6 8. a3 Bg4 9. h3 Bd7 10. d5 Rb8 11. e4 Nc7 12. Bg5 h6 13. Bf4 b5 14. Qc2 bxc4 15. Bxc4 Nb5 16. Ne2 Qb6 17. Rab1 Rfc8 18. e5 Bf5 19. Bd3 Nd4 20. Nfxd4 cxd4 21. Qd2 Ne4 22. Bxe4 Bxe4 23. Rbc1 Rxc1 24. Rxc1 dxe5 25. Rc4 Qxb2 26. Rc8+ Kh7 27. Rxb8 Qxb8 28. Bg3 Bxd5 29. Kh2 Qb7 0-1

[Event "EU-chT Seniors 12th"]
[Site "Dresden"]
[Date "2010.02.14"]
[Round "5"]
[White "Ulker, Ates"]
[Black "Ingvason, Sigurgeir"]
[Result "1-0"]
[WhiteElo "2140"]
[BlackElo "2048"]
[PlyCount "51"]
[EventDate "2010.02.10"]
[EventType "team-swiss"]
[EventRounds "9"]
[EventCountry "GER"]
[SourceTitle "CBM 134 Extra"]
[Source "ChessBase"]
[SourceDate "2010.03.03"]
[SourceVersion "1"]
[SourceVersionDate "2010.03.03"]
[SourceQuality "1"]
[WhiteTeam "Turkey (Seniors)"]
[BlackTeam "Sweden (Seniors) III"]
[WhiteTeamCountry "TUR"]
[BlackTeamCountry "SWE"]

1. e4 c5 2. Nf3 Nc6 3. d4 cxd4 4. Nxd4 g6 5. Nc3 Bg7 6. Be3 d6 7. Bc4 Nf6 8. f3 0-0 9. Qd2 Bd7 10. Bb3 Na5 11. h4 e5 12. Nde2 Nxb3 13. axb3 Bc6 14. 0-0-0 Qa5 15. Qxd6 Qa1+ 16. Nb1 Qa6 17. Nec3 Qa5 18. b4 Qa6 19. Na3 Rfd8 20. Qxd8+ Rxd8 21. Rxd8+ Be8 22. Nd5 Qe6 23. Bg5 h6 24. Bxf6 Kh7 25. Bxg7 Kxg7 26. Nc7 1-0

[Event "EU-chT Seniors 12th"]
[Site "Dresden"]
[Date "2010.02.13"]
[Round "4"]
[White "Ingvason, Sigurgeir"]
[Black "Perk, Egbert"]
[Result "1/2-1/2"]
[WhiteElo "2048"]
[BlackElo "2051"]
[PlyCount "54"]
[EventDate "2010.02.10"]
[EventType "team-swiss"]
[EventRounds "9"]
[EventCountry "GER"]
[SourceTitle "CBM 134 Extra"]
[Source "ChessBase"]
[SourceDate "2010.03.03"]
[SourceVersion "1"]
[SourceVersionDate "2010.03.03"]
[SourceQuality "1"]
[WhiteTeam "Sweden (Seniors) III"]
[BlackTeam "Widukind (Seniors) II"]
[WhiteTeamCountry "SWE"]
[BlackTeamCountry "GER"]

1. Nf3 Nf6 2. d4 e6 3. c4 d5 4. Nc3 c6 5. g3 Nbd7 6. Bg2 Bd6 7. 0-0 0-0 8. e4 dxe4 9. Ng5 Bb4 10. Ngxe4 Bxc3 11. Nxc3 Qa5 12. a3 Rd8 13. Qe2 Nf8 14. Rd1 Bd7 15. b4 Qf5 16. Bb2 Rab8 17. Ne4 Nxe4 18. Bxe4 Qg5 19. h4 Qe7 20. d5 f6 21. Bd4 cxd5 22. cxd5 b6 23. d6 Qf7 24. a4 e5 25. Bb2 Be6 26. b5 Nd7 27. Ba3 Nc5 1/2-1/2

[Event "SWE-chT2 0708"]
[Site "Sweden"]
[Date "2008.02.23"]
[Round "6"]
[White "Ingvason, Sigurgeir"]
[Black "Bergre, Joachim"]
[Result "1-0"]
[WhiteElo "2024"]
[BlackElo "2128"]
[PlyCount "81"]
[EventDate "2007.10.20"]
[EventType "team"]
[EventRounds "9"]
[EventCountry "SWE"]
[SourceTitle "EXT 2009"]
[Source "ChessBase"]
[SourceDate "2008.11.26"]
[SourceVersion "1"]
[SourceVersionDate "2008.11.26"]
[SourceQuality "1"]
[WhiteTeam "Lundby"]
[BlackTeam "Manhem II"]
[WhiteTeamCountry "SWE"]
[BlackTeamCountry "SWE"]

1. e4 d6 2. d4 g6 3. c4 Bg7 4. Nc3 Nd7 5. Nf3 e5 6. Bg5 f6 7. Be3 Nh6 8. Qb3 Ng4 9. Rd1 Nxe3 10. fxe3 exd4 11. exd4 0-0 12. Be2 Kh8 13. 0-0 c6 14. Kh1 Qe7 15. Rde1 Re8 16. Bd3 Nf8 17. Qd1 Bg4 18. h3 Bd7 19. b4 Ne6 20. c5 Nf4 21. Bc4 Nh5 22. Kh2 dxc5 23. bxc5 Be6 24. Bxe6 Qc7+ 25. Kg1 Rxe6 26. Qb3 Rae8 27. e5 Qd7 28. Ne4 h6 29. Nd6 R8e7 30. Nh4 fxe5 31. dxe5 b6 32. Rd1 Qc7 33. Rf7 Qd7 34. Rdf1 bxc5 35. Qd3 c4 36. Nxg6+ Kg8 37. Rf8+ Bxf8 38. Rxf8+ Kg7 39. Nf5+ Kxg6 40. Nxe7+ Kg7 41. Qxd7 1-0